Oliver twist / (Record no. 358089)
[ view plain ]
| 000 -LEADER | |
|---|---|
| fixed length control field | 00485nam a2200193Ia 4500 |
| 008 - FIXED-LENGTH DATA ELEMENTS--GENERAL INFORMATION | |
| fixed length control field | 180628s9999 xx 000 0 und d |
| 020 ## - INTERNATIONAL STANDARD BOOK NUMBER | |
| International Standard Book Number | 978-0-553-21102-3 |
| 050 ## - LIBRARY OF CONGRESS CALL NUMBER | |
| Classification number | CLA D53o |
| 050 ## - LIBRARY OF CONGRESS CALL NUMBER | |
| Item number | 2005 |
| 100 ## - MAIN ENTRY--PERSONAL NAME | |
| Personal name | Dickens, Charles. |
| 245 #0 - TITLE STATEMENT | |
| Title | Oliver twist / |
| 245 #0 - TITLE STATEMENT | |
| Statement of responsibility, etc | Charles Dickens; with an introduction by Irving Howe. |
| 260 ## - PUBLICATION, DISTRIBUTION, ETC. (IMPRINT) | |
| Place of publication, distribution, etc | New York : |
| 260 ## - PUBLICATION, DISTRIBUTION, ETC. (IMPRINT) | |
| Name of publisher, distributor, etc | Bantam Books, |
| 260 ## - PUBLICATION, DISTRIBUTION, ETC. (IMPRINT) | |
| Date of publication, distribution, etc | 2005 |
| 300 ## - PHYSICAL DESCRIPTION | |
| Extent | 445 pages: |
| 300 ## - PHYSICAL DESCRIPTION | |
| Dimensions | 18 cm. |
| 500 ## - GENERAL NOTE | |
| General note | Bantam classic. |
| Withdrawn status | Lost status | Damaged status | Home library | Current library | Shelving location | Date acquired | Cost, normal purchase price | Total Checkouts | Full call number | Barcode | Date last seen | Price effective from | Koha item type |
|---|---|---|---|---|---|---|---|---|---|---|---|---|---|
| South Mansfield College | South Mansfield College | Classic Section | 06/20/2018 | 188.00 | CLA D53o 2005 | SMC06146 | 06/28/2018 | 06/28/2018 | Books |